|
|
|
|
| LEADER |
01926nam a2200313 a 4500 |
| 001 |
GR-MES14796 |
| 008 |
051010s2005 gr e 000 0 gre d |
| 020 |
|
|
|a 9604069950
|
| 040 |
|
|
|a GrPaTEI
|b gre
|c GR-PaULI
|
| 040 |
|
|
|a GrPaTEI
|b gre
|c GR-PaULI
|
| 082 |
|
0 |
|a 153.6
|2 21
|
| 100 |
1 |
|
|a Watzlawick, Paul,
|d 1921-2007
|
| 245 |
1 |
0 |
|a Ανθρώπινη επικοινωνία και οι επιδράσεις της στη συμπεριφορά :
|b Τα πρότυπα, οι παθολογίες και τα παράδοξα /
|c Paul Watzlawick, Janet Beavin Bavelas, Don D. Jackson ; Μετάφραση Άσπα Γολέμη ; Επιστημονική επιμέλεια: Κάτια Χαραλαμπάκη.
|
| 260 |
|
|
|a Αθήνα :
|b Ελληνικά Γράμματα,
|c 2005
|
| 300 |
|
|
|a 357 σ. ;
|c 22εκ.
|
| 500 |
|
|
|a Τίτλος πρωτοτύπου: Pragmatics of Human communication
|
| 504 |
|
|
|a Περιλαμβάνει βιβλιογραφία.
|
| 650 |
|
4 |
|a Διαπροσωπική επικοινωνία
|
| 650 |
|
4 |
|a Επικοινωνία
|x Ψυχολογικές απόψεις
|
| 650 |
|
4 |
|a Επικοινωνία
|x Ψυχολογική θεώρηση
|
| 700 |
0 |
|
|a Bavelas, Janet Beavin,
|d 1940-
|
| 700 |
1 |
|
|a Jackson, Don D.
|q (Don De Avila),
|d 1920-1968
|
| 700 |
1 |
|
|a Γολέμη, Άσπα
|
| 700 |
1 |
|
|a Χαραλαμπάκη, Κάτια
|
| 942 |
|
|
|2 ddc
|
| 952 |
|
|
|0 0
|1 0
|2 ddc
|4 0
|6 153_600000000000000_WAT
|7 0
|9 272683
|a MSLG
|b MSLG
|c BSC
|d 2021-01-17
|e 24
|f 0
|g 0.00
|l 0
|o 153.6 WAT
|p 2420000023231
|r 2021-01-17 00:00:00
|t 1
|w 2021-01-17
|y BK15
|x 20090217 0 ΤΣΑΝΤΑΡΛΙΩΤΗ 1
|x GrPaTEI
|
| 952 |
|
|
|0 0
|1 0
|2 ddc
|4 0
|6 153_600000000000000_WAT
|7 0
|9 321321
|a MSLG
|b MSLG
|c BSC
|d 2021-01-23
|e 24
|f 1
|g 0.00
|l 0
|o 153.6 WAT
|p 2420000023207
|r 2021-01-23 00:00:00
|t 1
|w 2021-01-23
|y BK15
|x ΑΠΩΛΕΙΑ ΤΕΚΜΗΡΙΟΥ
|x 20090218 0 ΤΣΑΝΤΑΡΛΙΩΤΗ 1
|x GrPaTEI
|
| 971 |
|
|
|a .b2580845x
|b 15-04-20
|c 13-09-16
|
| 999 |
|
|
|c 157748
|d 157748
|